000 00342nam a22001577a 4500
005 20160624123508.0
008 160624b xxu||||| |||| 00| 0 eng d
041 _aeng
082 _b9581
100 _aBureau, J.R.
_92663
245 _aBrand Management
260 _bMac Millan
300 _a235
650 _aManagement
_9241
942 _cBK
999 _c3834
_d3833